De la historia a la acción
Conjunto de textos que visualizan la evolución del pensamiento de Hannah Arendt, desde su preocupación por intereses histórico-políticos hasta su interés por la fundamentación filosófica sobre la actividad humana. Los temas varían entre la relación comprensión-política, los problemas del tiempo y la...
Gorde:
| Egile nagusia: | |
|---|---|
| Formatua: | Liburua |
| Hizkuntza: | Undetermined |
| Argitaratua: |
New York, Estados Unidos
Paidós
1995
|
| Gaiak: | |
| Etiketak: |
Etiketa erantsi
Etiketarik gabe, Izan zaitez lehena erregistro honi etiketa jartzen!
|
MARC
| LEADER | 00000nam a2200000Ia 4500 | ||
|---|---|---|---|
| 008 | 170316s9999 xx 000 0 und d | ||
| 040 | |a cru BVZT | ||
| 090 | |a 100 A-34.1d | ||
| 100 | |a Arendt, Hannah |9 1034 | ||
| 245 | |a De la historia a la acción |c / Hannah Arendt | ||
| 260 | |a New York, Estados Unidos |b Paidós |c 1995 | ||
| 300 | |a 171 páginas | ||
| 520 | |a Conjunto de textos que visualizan la evolución del pensamiento de Hannah Arendt, desde su preocupación por intereses histórico-políticos hasta su interés por la fundamentación filosófica sobre la actividad humana. Los temas varían entre la relación comprensión-política, los problemas del tiempo y la historicidad, una conferencia sobre los conceptos de labor, trabajo y acción, la reflexión moral y un debate respecto a su propio pensamiento | ||
| 650 | |a FILOSOFÍA |9 5 | ||
| 650 | |a COMPRENSIÓN Y POLÍTICA |9 1035 | ||
| 650 | |a INMORTALIDAD |9 1036 | ||
| 650 | |a LABOR |9 1037 | ||
| 650 | |a TRABAJO |9 1038 | ||
| 650 | |a ACCION |9 1039 | ||
| 650 | |a REFLEXIONES MORALES |9 1040 | ||
| 650 | |a ARENDT |9 1041 | ||
| 999 | |c 15533 |d 15533 | ||
| 942 | |c 15 D |h 100 A-34.1d |2 z | ||
